000 00287nam a22001337a 4500
008 171108b xxu||||| |||| 00| 0 eng d
020 _a9780061121401
041 _aeng
080 _a330.322
100 _a64
101 _aINV
245 _aGROW YOUR MONEY
_cPOND,J.D
942 _2udc
_cBK
999 _c38215
_d38215